000
00376nam a22001217a 4500
040
_c
HS
082
_a
338
100
_a
សួស ចំណាន
245
_a
ការកិន និងប្រតិបត្តិការមុន និងក្រោយពេលប្រមូលផល
260
_a
RUA
_b
សួស ចំណាន
_c
2011
300
_a
NA
942
_c
KB
999
_c
9752
_d
9752